Music Quiz

Random Music or Musical Quiz

Their First Song (Solo Female Artists) Quiz Stats

 Plays Quiz not verified by Sporcle

Challenge
Share
Tweet
Embed
Score 0/50 Timer 10:00
0 Plays Today
Song (Year) Artist % Correct
I Kissed a Girl (2008)Katy Perry
79.4%
Tim McGraw (2006)Taylor Swift
71.4%
Just Dance (2008)Lady Gaga
65.1%
Inside Your Heaven (2005)Carrie Underwood
63.5%
Wild One (1993)Faith Hill
56.3%
Vision Of Love (1990)Mariah Carey
54%
Everybody (1982)Madonna
53.2%
Blue (1996)LeAnn Rimes
52.4%
Fallin (2001)Alicia Keys
48.4%
What Made You Say That (1993)Shania Twain
46%
Torn (1997)Natalie Imbruglia
46%
Hold Me (1984)Whitney Houston
45.2%
Ce n'était qu'un rêve (1981)Celine Dion
43.7%
Locomotion (1987)Kylie Minogue
43.7%
Never Grow Old (1956)Aretha Franklin
42.1%
Puppy Love (1959)Dolly Parton
41.3%
Reflection (1998)Christina Aguilera
41.3%
I'm a Honky Tonk Girl (1960)Loretta Lynn
40.5%
All I Really Want to Do (1965)Cher
39.7%
Run, Baby, Run (1993)Sheryl Crow
38.9%
Me and Charlie Talking (2004)Miranda Lambert
38.9%
I Don't Want to Be a One Night Stand (1976)Reba McEntire
37.3%
Don't Wanna Lose You (1989)Gloria Estefan
36.5%
Before Your Love (2002)Kelly Clarkson
35.7%
Estoy Aquí (1996)Shakira
34.9%
Song (Year) Artist % Correct
The Time Has Come (1991)Martina McBride
32.5%
Ready, Set, Don't Go (2007)Miley Cyrus
31%
What You Waiting For? (2004)Gwen Stefani
30.2%
Why Ya Wanna (2012)Jana Kramer
29.4%
Young Love (1982)Janet Jackson
27.8%
Miss Marmelstein (1962)Barbra Streisand
27%
Knocked Out (1988)Paula Abdul
26.2%
Never Again, Again (1997)Lee Ann Womack
26.2%
Do You Want to Dance? (1972)Bette Midler
24.6%
Wassermann (1968)Donna Summer
24.6%
Stole (2002)Kelly Rowland
23.8%
Fate Stay With Me (1987)Alanis Morissette
22.2%
You Make Loving Fun (1977)Cyndi Lauper
19%
You Don't Own Me (1979)Joan Jett
19%
Cuff Links and a Tie Clip (1961)Nancy Sinatra
19%
Stronger Than Me (2003)Amy Winehouse
18.3%
No Memories Hangin' Round (1979)Roseanne Cash
18.3%
Night in the City (1968)Joni Mitchell
16.7%
Mono (2004)Courtney Love
15.1%
I'll Be Your Baby Tonight (1969)Emmylou Harris
14.3%
The Wallflower (Dance with Me, Henry) (1955)Etta James
12.7%
Lights Out (2003)Lisa Marie Presley
11.1%
Friday Dance Promenade (1983)KD Lang
11.1%
My My Honeycomb (1976)Bonnie Tyler
7.1%
Tonight (1982)Jennifer Rush
4%

You're not logged in!

Compare scores with friends on all Sporcle quizzes.
OR
Log In

You Might Also Like...

Show Comments

Extras

Top Quizzes Today


Score Distribution

Your Account Isn't Verified!

In order to create a playlist on Sporcle, you need to verify the email address you used during registration. Go to your Sporcle Settings to finish the process.

Report this User

Report this user for behavior that violates our Community Guidelines.

Details: